Praktický projektový manažment /

Hlavní autor: Krchová, Hana, 1977-
Korporativní autor: Vysoká škola ekonómie a manažmentu verejnej správy v Bratislave
Jazyk: Slovenština
Vydáno: Praha : Wolters Kluwer, 2019
Vydání: Prvé vydanie
Témata:
Fyzický popis: 274 stran : ilustrace ; 25 cm
Knihy
Uloženo v:
LEADER 01781nam a2200457 i 4500
001 nkc20193112746
003 CZ PrNK
005 20191107080954.0
007 ta
008 190626s2019 xr a e p 001 0 slo
015 |a cnb003112746 
020 |a 978-80-7598-466-1  |q (vázáno) 
035 |a (OCoLC)1127278274 
040 |a OLA001  |b cze  |e rda 
072 7 |a 005  |x Management. Řízení  |2 Konspekt  |9 4 
072 7 |a 37.016  |x Učební osnovy. Vyučovací předměty. Učebnice  |2 Konspekt  |9 22 
080 |a 005.8  |2 MRF 
080 |a (075.8)  |2 MRF 
100 1 |a Krchová, Hana,  |d 1977-  |7 mzk2005318174  |4 aut 
245 1 0 |a Praktický projektový manažment /  |c Hana Krchová 
250 |a Prvé vydanie 
264 1 |a Praha :  |b Wolters Kluwer,  |c 2019 
300 |a 274 stran :  |b ilustrace ;  |c 25 cm 
336 |a text  |b txt  |2 rdacontent 
337 |a bez média  |b n  |2 rdamedia 
338 |a svazek  |b nc  |2 rdacarrier 
500 |a Nad názvem: VŠEMVS, Vysoká škola ekonómie a manažmentu verejnej správy v Bratislave 
500 |a Terminologický slovník 
504 |a Obsahuje bibliografii, bibliografické odkazy a rejstřík 
650 0 7 |a projektový management  |7 ph115894  |2 czenas 
650 0 9 |a project management  |2 eczenas 
655 7 |a učebnice vysokých škol  |7 fd133772  |2 czenas 
655 9 |a textbooks (higher)  |2 eczenas 
710 2 |a Vysoká škola ekonómie a manažmentu verejnej správy v Bratislave  |7 mzk2009508106  |4 isb 
910 2 |a BOA001  |b 2-1435.308 
928 9 |a Wolters Kluwer ČR 
990 |a BK 
995 |a 01 
991 |b 201909  |c NOV 
996 6 |b 2610795590  |c 2-1435.308  |l MZK  |r Sklad / do 1 hodiny  |n 6  |p p.v.  |w 001755991  |u 000010  |a 1  |e BOA001  |j MZK50  |s P 
996 7 |b 2610799618  |c 2-1435.308  |l Vol.výběr  |r VV 0p  |n 10  |p kup  |h 005 KRC  |w 001755991  |u 000020  |a 0  |e BOA001  |j MZK50  |s A